Statistiques concernant Villes les plus peuplés au liban

Cliquez ici pour prendre le quiz!

Statistiques générales

  • Ce quiz a été pris 228 fois
  • Le résultat moyen est 4 sur 5

Statistiques - réponses

Réponse% Correct
1Beirut
100%
2Tripoli
95%
4Tyr
81%
3Sidon
58%
5Baalbek
53%

Distribution des résultats

Percentile par nombre de réponses

% des personnes avec chaque résultat

Votre développement - résultats

Vous n’avez pas pris ce quiz